Berücksichtigung von Wechselkursschwankungen bei der Kosten- und Preiskalkulation unter Einbeziehung kurz- und langfristiger Kundenverträge diplomová práca
Na minha lista:
| Autor principal: | |
|---|---|
| Corporate Authors: | , |
| Outros Autores: | |
| Formato: | Livro |
| Idioma: | alemão |
| Publicado em: |
Bratislava
2010
|
| Tags: |
Sem tags, seja o primeiro a adicionar uma tag!
|
MARC
| LEADER | 00000nam$a2200000$$$4500 | ||
|---|---|---|---|
| 001 | 0126039 | ||
| 005 | 20240318115003.9 | ||
| 041 | 0 | |a ger | |
| 044 | |a SK | ||
| 245 | 1 | 0 | |a Berücksichtigung von Wechselkursschwankungen bei der Kosten- und Preiskalkulation unter Einbeziehung kurz- und langfristiger Kundenverträge |b diplomová práca |c Štefan Pašinský ; škol. Christoph Weiser |
| 264 | 1 | |a Bratislava |c 2010 | |
| 300 | |a 50 s. | ||
| 500 | |a Celouniverzitný študijný program: Medzinárodný finančný manažment (Internationales Finanzmanagement) | ||
| 100 | 1 | |a Pašinský, Štefan | |
| 700 | 1 | |a Weiser, Christoph | |
| 710 | 2 | |a Ekonomická univerzita v Bratislave. Ústav medzinárodných programov | |
| 710 | 2 | |a Martin-Luther-Universität Halle-Wittenberg | |